000 00343cam a22001097a 4500
008 180718b1961 xxu||||| |||| 00| 0 eng d
082 _aA75 G949BR
245 _aGujarat state gazetteers: Breach
_cedited by M.R. Palande
260 _aAhmedabad
_bGovernment Printing, Stationery and Publications
_c1961
300 _a792+p
700 _aPalande, M.R.
999 _c486940
_d486940